<?xml version="1.0" encoding="UTF-8"?>
<record
    xmlns:xsi="http://www.w3.org/2001/XMLSchema-instance"
    xsi:schemaLocation="http://www.loc.gov/MARC21/slim http://www.loc.gov/standards/marcxml/schema/MARC21slim.xsd"
    xmlns="http://www.loc.gov/MARC21/slim">

  <leader>01078nam a22002891i 4500</leader>
  <controlfield tag="005">20200804154157.0</controlfield>
  <controlfield tag="008">200804s2018    ii     e |||| 000 j tam d</controlfield>
  <datafield tag="020" ind1=" " ind2=" ">
    <subfield code="a">9789386555403</subfield>
    <subfield code="c">RM 28.00</subfield>
    <subfield code="q">paperback</subfield>
  </datafield>
  <datafield tag="040" ind1=" " ind2=" ">
    <subfield code="a">PPAK</subfield>
    <subfield code="b">eng</subfield>
    <subfield code="c">PPAK</subfield>
    <subfield code="e">rda</subfield>
  </datafield>
  <datafield tag="082" ind1="0" ind2="4">
    <subfield code="2">23</subfield>
    <subfield code="a">894.811301</subfield>
  </datafield>
  <datafield tag="090" ind1="0" ind2="0">
    <subfield code="a">894.811301</subfield>
    <subfield code="b">MOH</subfield>
    <subfield code="d">G</subfield>
  </datafield>
  <datafield tag="100" ind1="1" ind2="0">
    <subfield code="6">880-01</subfield>
    <subfield code="a">Mohan, Uma.</subfield>
    <subfield code="e">author.</subfield>
  </datafield>
  <datafield tag="240" ind1="1" ind2="0">
    <subfield code="a">Rumah Rajakumari di Sepanjang Jalan.</subfield>
    <subfield code="l">Malay</subfield>
  </datafield>
  <datafield tag="245" ind1="1" ind2="0">
    <subfield code="6">880-02</subfield>
    <subfield code="a">Rajakumariyin veedu vazhiyil irundhadhu /</subfield>
    <subfield code="b"> </subfield>
    <subfield code="c">Uma Mohan</subfield>
  </datafield>
  <datafield tag="246" ind1="3" ind2="3">
    <subfield code="a">Rajakumariyin veedu vazhiyil irundhadhu :</subfield>
    <subfield code="b">(short stories)</subfield>
  </datafield>
  <datafield tag="250" ind1=" " ind2=" ">
    <subfield code="a">First Edition.</subfield>
  </datafield>
  <datafield tag="264" ind1=" " ind2="1">
    <subfield code="a">Chennai, India :</subfield>
    <subfield code="b">Dicovery Book Palace Pvt.Ltd. ,</subfield>
    <subfield code="c">2018.</subfield>
  </datafield>
  <datafield tag="300" ind1=" " ind2=" ">
    <subfield code="a">108 pages ;</subfield>
    <subfield code="c">22 cm.</subfield>
  </datafield>
  <datafield tag="336" ind1=" " ind2=" ">
    <subfield code="2">rdacontent</subfield>
    <subfield code="a">text</subfield>
  </datafield>
  <datafield tag="337" ind1=" " ind2=" ">
    <subfield code="2">rdamedia</subfield>
    <subfield code="a">unmediated</subfield>
  </datafield>
  <datafield tag="338" ind1=" " ind2=" ">
    <subfield code="2">rdacarrier</subfield>
    <subfield code="a">volume</subfield>
  </datafield>
  <datafield tag="546" ind1=" " ind2=" ">
    <subfield code="a">In Tamil.</subfield>
  </datafield>
  <datafield tag="650" ind1="1" ind2="0">
    <subfield code="a">Short stories, Tamil.</subfield>
  </datafield>
  <datafield tag="880" ind1="1" ind2="0">
    <subfield code="6">100-01</subfield>
    <subfield code="a">&#xBAE;&#xBCB;&#xB95;&#xBA9;&#xBCD;, &#xB89;&#xBAE;&#xBBE; </subfield>
  </datafield>
  <datafield tag="880" ind1="1" ind2="0">
    <subfield code="6">245-02</subfield>
    <subfield code="a">&#xBB0;&#xBBE;&#xB9C;&#xB95;&#xBC1;&#xBAE;&#xBBE;&#xBB0;&#xBBF; &#xBB5;&#xBC0;&#xB9F;&#xBC1; &#xBB5;&#xBB4;&#xBBF;&#xBAF;&#xBBF;&#xBB2;&#xBCD; &#xB87;&#xBB0;&#xBC1;&#xBA8;&#xBCD;&#xBA4;&#xBA4;&#xBC1; /</subfield>
    <subfield code="c">&#xB89;&#xBAE;&#xBBE; &#xBAE;&#xBCB;&#xB95;&#xBA9;&#xBCD;</subfield>
  </datafield>
  <datafield tag="942" ind1=" " ind2=" ">
    <subfield code="2">ddc</subfield>
    <subfield code="c">B</subfield>
  </datafield>
  <datafield tag="999" ind1=" " ind2=" ">
    <subfield code="c">178466</subfield>
    <subfield code="d">178465</subfield>
  </datafield>
  <datafield tag="952" ind1=" " ind2=" ">
    <subfield code="0">0</subfield>
    <subfield code="7">0</subfield>
    <subfield code="b">PPAK</subfield>
    <subfield code="c">G</subfield>
    <subfield code="d">2020-09-01</subfield>
    <subfield code="o">894.811301 MOH</subfield>
    <subfield code="p">A01645667</subfield>
    <subfield code="r">2020-08-25 00:00:00</subfield>
    <subfield code="y">B</subfield>
  </datafield>
  <datafield tag="952" ind1=" " ind2=" ">
    <subfield code="0">0</subfield>
    <subfield code="7">0</subfield>
    <subfield code="b">KM</subfield>
    <subfield code="c">G</subfield>
    <subfield code="d">2020-09-01</subfield>
    <subfield code="o">894.811301 MOH</subfield>
    <subfield code="p">A01645668</subfield>
    <subfield code="r">2020-08-25 00:00:00</subfield>
    <subfield code="y">B</subfield>
  </datafield>
</record>
